000 04635cam a22018014i 4500
003 PE-LiUPU
005 20250813165406.0
008 161104s2016 sp a r 001 0 spa d
020 _a9788441538139
035 _a(Sirsi) a164876
040 _aPE-LiUPU
049 _aPRUA
082 0 4 _a658.872
_bR75
100 1 _aRodriguez Fernández, Óscar,
_eautor.
040 _aPE-LiUPU
245 _a10 sencillos pasos para una estrategia efectiva en redes sociales /
_cÓscar Rodríguez Fernández.
264 _aMadrid :
_bAnaya Multimedia,
_c2016.
300 _a335 páginas :
_bilustraciones ;
_c23 centímetros.
336 _text
_2rdacontent
337 _unmediated
_2rdamedia
338 _volume
_2rdacarrier
504 _aIndice : páginas 332-335.
505 0 _aIntroducción. El decálogo estratégico. El plan social media marketing en 10 pasos -- Establecimiento de metas -- Investigación, estudio y auditorías -- Monitorización del contenido y la conversación online -- Identificación y segmentación del usuario -- Definición de los objetivos -- Conceptualización de un enfoque distintivo -- Establecimiento de la estrategia -- Especificación de las acciones tácticas -- Producción de contenidos, marketing y publicación -- Análisis, métricas y herramientas analíticas.
526 _aP203
526 _aP200
526 _aSEG65
526 _aSEG64
526 _aSEG63
526 _aSEG62
526 _aSEG61
526 _aSEG60
526 _aSEG59
526 _aSEG58
526 _aSEG57
526 _aSEG56
526 _aSEG55
526 _aSEG54
526 _aSEG53
526 _aSEG52
526 _aSEG51
526 _aSEG50
526 _aSEG49
526 _aSEG48
526 _aSEG47
526 _aSEG46
526 _aSEG24
526 _aSEG23
526 _aSEG22
526 _aSEG21
526 _aSEG20
526 _aSEG19
526 _aSEG18
526 _aSEG17
526 _aSEG16
526 _aSEG14
526 _aSEG13
526 _aSEG12
526 _aSEG11
526 _aSEG10
526 _aSEG09
526 _aSEG06
526 _aSEG05
526 _aSEG04
526 _aSEG03
526 _aSEG02
526 _aSEG68
526 _aSEG66
526 _aSEG45
526 _aSEG25
526 _aSEG01
526 _aP163
526 _aP162
526 _aP161
526 _aP160
526 _aP159
526 _aP158
526 _aP157
526 _aP156
526 _aP155
526 _aP154
526 _aP153
526 _aP152
526 _aP151
526 _aP150
526 _aP149
526 _aP142
526 _aP141
526 _aP140
526 _aP139
526 _aP138
526 _aP137
526 _aP132
526 _aP131
526 _aP130
526 _aP126
526 _aP125
526 _aP124
526 _aP123
526 _aP115
526 _aP122
526 _aP121
526 _aP116
526 _a P114
526 _aP112
526 _aP111
526 _aP104
526 _aP103
526 _aP102
526 _aP101
526 _aP100
526 _aP96
526 _aP95
526 _aP93
526 _aP92
526 _aP91
526 _aP88
526 _aP83
526 _aP82
526 _aP79
526 _aP78
526 _aP75
526 _aP74
526 _aP71
526 _aP69
526 _a P51
526 _aP49
526 _aP48
526 _aP47
526 _aP33
526 _aP31
526 _a P30
526 _aP29
526 _aP27
526 _aP26
526 _aP25
526 _aP24
526 _a P22
526 _aP10
526 _aP09
526 _a P08
526 _aP06
526 _aP05
526 _aP04
526 _aP01
541 _g001-003305;
541 _g001-003373;
650 0 4 _aMarketing en Internet.
650 0 4 _aRedes sociales en Internet.
596 _a1
942 _2ddc
_cBOOK
999 _a658.872 R75
_wDEWEY
_c13674
_i74877
_d13674
_e2017-9-7
_f2021-11-8
_g5
_lCCODEBUL1
_mBUL
_n1
_p47.14
_q3
_r0
_sY
_tBOOK
_u2016-11-4
_xEDUCACION
_PP07
_0COMPRA
_o.STAFF. Colección Ciencias de la Comunicación
999 _a658.872 R75
_wDEWEY
_c2
_i75433
_d2022-4-21
_e2022-4-21
_f2021-11-8
_g4
_lCCODEBUL1
_mBUL
_n4
_p48.63
_q1
_r0
_sY
_tBOOK
_u2017-5-31
_xEDUCACION
_PP07
_0COMPRA
_o.STAFF. Colección Ciencias Humanas y Educación
980 _81
_gALBERTO SANCHEZ Responsable de Automatización